00674nam a2200253 a 4500001001200000003000200012005001700014008004100031015001500072020002100087035000900108040001900117100002500136245005500161250001200216260003100228300002500259440002300284500002500307500002000332653002400352653001800376650002600394ocm24748337020230123133236.0910813s1989 enk 001 0 eng  aGB91-48372 a0948691670 (pbk) bH130 aUKMcNUSTdEQF1 aBennett, Carol S. C.10aInsurances of liability /cby Carol S. C. Bennett. a2nd ed. aLondon :bWitherby,c1989. aiv, 123 p. ;c22 cm. 0aInsurance learners aPrevious ed. : 1984. aIncludes index. aLiability insurance aGreat Britain 0aInsurance, Liability.